00493nam a2200169Ia 450000500170000000800410001702000150005808200130007310000130008624500210009926000380012030000180015850000310017694200060020795200950021399900150030820250310044336.0240331s9999 xx 000 0 und d a9552103193 bDIKa800 aDikans,C 0aDavid Coperfield aNugegodabM.D.Gunasena & coc1991 axiv, 152 p ., aStory of David Coperfield cL 001040708LaWERCLbWERCLcSSCd2024-03-31l0o 800 DIKp1410r2024-03-31w2024-03-31yL c4849d4849